| 000 | 01011nam a2200313 a 4500 | ||
|---|---|---|---|
| 001 | vtls000196623 | ||
| 003 | NLI | ||
| 005 | 20210602113033.0 | ||
| 008 | 101125s1963 enk 000 p eng | ||
| 020 | _cPND 1.30 | ||
| 039 | 9 |
_y201011252325 _zVLOAD |
|
| 040 | 0 |
_aNLI _beng _cVERGIS-2010 _eAACR2 |
|
| 041 | 1 |
_aeng _hger |
|
| 044 | _aenk | ||
| 082 | 0 | 4 | _a831.03 |
| 240 | 1 | 0 |
_aNibelungenlied . _lEnglish |
| 245 | 0 | 4 |
_aThe Nibelungenlied / _ctranslated with an introduction and notes by D. G. Mowatt |
| 260 |
_aLondon : _bDent, _c1963 |
||
| 300 |
_axiv, 225 p. ; _c19 cm. |
||
| 500 | _aTranslation of: Nibelungenlied | ||
| 650 | 0 |
_aGerman poetry _xTranslations into English _9372847 |
|
| 700 | 1 |
_aMowatt, D. G., _4trl _9374467 |
|
| 887 | _a | ||
| 901 |
_a356166 _b04.10.1963 |
||
| 902 | _aE 831.03 N 511 | ||
| 942 |
_2ddc _cBKS |
||
| 949 |
_AVIRTUAITEM _D10000 _X100 _6PUR000356166ENG |
||
| 999 |
_aVIRTUA40 _c200093 _d200093 |
||
| 999 | _aVTLSSORT0080*0200*0400*0410*0440*0820*2400*2450*2600*3000*5000*6500*7000*9010*9020*9490*9991 | ||